000 00767nam a2200253Ia 4500
003 OSt
005 20220923215723.0
006 a|||||r|||| 00| 0
007 ta
008 220922b |||||||| |||| 00| 0 hin d
024 _a181,191
037 _cTextual
040 _aARTS
_cARTS
_bhin
041 _2hin
_ahin
082 _aO152,1N313x, M6
100 _aकुमार विमल
245 0 _aसर्जना के स्वर
246 _aSarjanā ke svara
260 _aपटना
_b अनुपम प्रकाशन
_c1986
300 _a56 पृ.
_ccm.
650 _aहिन्दी साहित्य
_9156264
942 _hO152,1N313x, M6
_cTEXL
_2CC
999 _c334569
_d334569